| 000 | 01093nam a22002417a 4500 | ||
|---|---|---|---|
| 005 | 20260424104538.0 | ||
| 008 | 260424t2026 xxk|||||o|||| 00| 0 eng d | ||
| 041 | _aeng | ||
| 110 | _aRoyal Institution of Chartered Surveyors | ||
| 245 |
_aRICS continuing professional development rules: _b requirements _h[Electronic resource] |
||
| 250 | _av.1 | ||
| 260 |
_aLondon, _bRoyal Institution of Chartered Surveyors, _c2026 |
||
| 300 | _a8p. | ||
| 490 | _aRICS Regulation | ||
| 490 | _aRICS Rules | ||
| 520 | _aThese rules take effect on 1 January 2026. These rules have been adopted by the Standards and Regulation Board, under the power delegated to it by Governing Council. For the avoidance of doubt, they constitute ‘Rules’ as defined in the RICS Bye-Laws. | ||
| 650 | _aCONTINUING PROFESSIONAL DEVELOPMENT | ||
| 651 | _aInternational | ||
| 690 |
_aRICS _96277 |
||
| 710 | _aRoyal Institution of Chartered Surveyors | ||
| 856 |
_uhttps://www.rics.org/content/dam/ricsglobal/documents/regulation/CPD-rules_requirements_Jan2026.pdf _zAvailable free on RICS.org |
||
| 942 | _n0 | ||
| 999 |
_c122346 _d122346 |
||